[Event "WCO 2016"]
[Site "?"]
[Date "2016.09.13"]
[Round "11"]
[Board "5"]
[WhiteID "3101126"]
[White "Machin Rivera Mark"]
[BlackID "11400072"]
[Black "Prasad Calvin"]
[Result "1-0"]
[BlackElo "2013"]
[WhiteElo "2339"]
[LiveChessVersion "1.4.8"]

1. c4 {[%clk 1:30:58]} Nf6 {[%clk 1:30:55]} 2. g3 {[%clk 1:31:21]} c5
{[%clk 1:31:12]} 3. Bg2 {[%clk 1:31:43]} d5 {[%clk 1:30:23]} 4. cxd5
{[%clk 1:32:08]} Nxd5 {[%clk 1:30:51]} 5. Nc3 {[%clk 1:32:22]} Nc7
{[%clk 1:30:51]} 6. Qb3 {[%clk 1:32:46]} Nc6 {[%clk 1:30:29]} 7. Bxc6+
{[%clk 1:33:08]} bxc6 {[%clk 1:30:55]} 8. d3 {[%clk 1:33:25]} g6 {[%clk 1:27:13]}
9. Be3 {[%clk 1:32:48]} Bg7 {[%clk 1:27:37]} 10. Bxc5 {[%clk 1:31:29]} O-O
{[%clk 1:27:51]} 11. Nf3 {[%clk 1:31:00]} Bh3 {[%clk 1:25:17]} 12. Nd2
{[%clk 1:25:46]} Ne6 {[%clk 1:16:42]} 13. Be3 {[%clk 1:25:37]} Nd4
{[%clk 1:14:57]} 14. Bxd4 {[%clk 1:22:39]} Bxd4 {[%clk 1:12:55]} 15. Rc1
{[%clk 1:20:38]} Rb8 {[%clk 1:10:22]} 16. Qc2 {[%clk 1:21:00]} Qb6
{[%clk 1:09:55]} 17. Nd1 {[%clk 1:18:56]} Bg2 {[%clk 1:04:28]} 18. Rg1
{[%clk 1:18:11]} Bd5 {[%clk 1:04:56]} 19. b3 {[%clk 1:18:34]} Rfc8
{[%clk 0:56:22]} 20. e3 {[%clk 1:12:58]} Bg7 {[%clk 0:56:17]} 21. Nc3
{[%clk 1:12:31]} Qd8 {[%clk 0:55:05]} 22. Na4 {[%clk 1:12:23]} c5
{[%clk 0:48:39]} 23. Ke2 {[%clk 1:07:21]} Qd7 {[%clk 0:46:58]} 24. f3
{[%clk 1:03:12]} Qh3 {[%clk 0:44:54]} 25. Nf1 {[%clk 1:03:37]} Bc6
{[%clk 0:39:09]} 26. Nxc5 {[%clk 0:48:18]} Bb7 {[%clk 0:38:41]} 27. Kf2
{[%clk 0:46:51]} Rxc5 {[%clk 0:38:21]} 28. Qxc5 {[%clk 0:47:14]} Rc8
{[%clk 0:38:47]} 29. Qa3 {[%clk 0:47:30]} Qf5 {[%clk 0:31:30]} 30. Rxc8+
{[%clk 0:43:27]} Qxc8 {[%clk 0:31:49]} 31. Nd2 {[%clk 0:37:30]} Qc2
{[%clk 0:32:05]} 32. Qc1 {[%clk 0:37:24]} Qxd3 {[%clk 0:32:00]} 33. Rd1
{[%clk 0:36:40]} Bh6 {[%clk 0:29:04]} 34. Nc4 {[%clk 0:36:13]} Qf5
{[%clk 0:29:12]} 35. Rd8+ {[%clk 0:36:26]} Kg7 {[%clk 0:28:59]} 36. Qd1
{[%clk 0:36:44]} e5 {[%clk 0:27:20]} 37. Kg2 {[%clk 0:35:42]} Bg5
{[%clk 0:24:14]} 38. Rb8 {[%clk 0:31:12]} Bc6 {[%clk 0:17:33]} 39. e4
{[%clk 0:57:42]} Qe6 {[%clk 0:42:21]} 40. Qd6 {[%clk 0:57:43]} Qxd6
{[%clk 0:41:11]} 41. Nxd6 {[%clk 0:58:08]} Be3 {[%clk 0:39:20]} 42. Ne8+
{[%clk 0:57:48]} Kh6 {[%clk 0:39:28]} 43. h4 {[%clk 0:56:30]} f5 {[%clk 0:39:17]}
44. Nf6 {[%clk 0:56:33]} Kg7 {[%clk 0:38:08]} 45. Nd5 {[%clk 0:56:57]} Bd4
{[%clk 0:37:52]} 46. g4 {[%clk 0:56:26]} h5 {[%clk 0:36:18]} 47. g5
{[%clk 0:55:44]} Kf7 {[%clk 0:36:05]} 48. Rc8 {[%clk 0:54:54]} Bd7
{[%clk 0:36:09]} 49. Rc7 {[%clk 0:55:04]} Ke6 {[%clk 0:36:37]} 50. Nf6
{[%clk 0:55:10]} Bb5 {[%clk 0:36:46]} 51. Rg7 {[%clk 0:55:28]} fxe4
{[%clk 0:37:07]} 52. fxe4 {[%clk 0:55:17]} Bd3 {[%clk 0:37:22]} 53. Rxg6
{[%clk 0:55:34]} Kf7 {[%clk 0:37:48]} 54. Rh6 {[%clk 0:55:39]} Bb1
{[%clk 0:36:49]} 55. a3 {[%clk 0:55:55]} Bc2 {[%clk 0:37:14]} 56. b4
{[%clk 0:56:16]} Bb2 {[%clk 0:37:32]} 57. Rh7+ {[%clk 0:56:36]} Kg6
{[%clk 0:36:53]} 58. Rxa7 {[%clk 0:57:00]} Bc1 {[%clk 0:37:11]} 59. b5
{[%clk 0:57:04]} 1-0

[Event "WCO 2016"]
[Site "?"]
[Date "2016.09.13"]
[Round "11"]
[Board "6"]
[WhiteID "11400064"]
[White "Kumar Manoj"]
[BlackID "3100197"]
[Black "Almedina Ortiz Edgardo J."]
[Result "0-1"]
[BlackElo "2215"]
[WhiteElo "1986"]
[LiveChessVersion "1.4.8"]

1. d4 {[%clk 1:30:57]} Nf6 {[%clk 1:30:53]} 2. Nf3 {[%clk 1:30:58]} g6
{[%clk 1:31:13]} 3. c4 {[%clk 1:31:00]} Bg7 {[%clk 1:31:37]} 4. Nc3
{[%clk 1:31:23]} O-O {[%clk 1:32:02]} 5. e4 {[%clk 1:31:44]} d6 {[%clk 1:32:26]}
6. Be2 {[%clk 1:31:37]} e5 {[%clk 1:32:49]} 7. dxe5 {[%clk 1:32:04]} dxe5
{[%clk 1:33:13]} 8. Qxd8 {[%clk 1:32:29]} Rxd8 {[%clk 1:33:37]} 9. Bg5
{[%clk 1:32:50]} Rf8 {[%clk 1:30:43]} 10. Nd5 {[%clk 1:33:14]} Nxd5
{[%clk 1:31:08]} 11. cxd5 {[%clk 1:33:42]} c6 {[%clk 1:31:09]} 12. Bc4
{[%clk 1:34:11]} b5 {[%clk 1:31:31]} 13. Bb3 {[%clk 1:34:39]} a5 {[%clk 1:31:51]}
14. a3 {[%clk 1:33:53]} Bb7 {[%clk 1:30:07]} 15. O-O-O {[%clk 0:57:08]} Nd7
{[%clk 1:21:12]} 16. Be3 {[%clk 0:53:48]} Rfc8 {[%clk 0:48:35]} 17. d6
{[%clk 0:46:09]} c5 {[%clk 0:44:24]} 18. Bd5 {[%clk 0:42:37]} Bxd5
{[%clk 0:43:15]} 19. Rxd5 {[%clk 0:42:38]} Rc6 {[%clk 0:42:25]} 20. Rhd1
{[%clk 0:38:55]} Raa6 {[%clk 0:40:51]} 21. Kb1 {[%clk 0:36:03]} b4
{[%clk 0:31:16]} 22. Bxc5 {[%clk 0:23:03]} Nxc5 {[%clk 0:29:44]} 23. axb4
{[%clk 0:18:47]} axb4 {[%clk 0:29:28]} 24. d7 {[%clk 0:14:52]} Nb3
{[%clk 0:28:02]} 25. d8=Q+ {[%clk 0:12:44]} Bf8 {[%clk 0:28:18]} 0-1

[Event "WCO 2016"]
[Site "?"]
[Date "2016.09.13"]
[Round "11"]
[Board "7"]
[WhiteID "3100022"]
[White "Sosa Trani Luis"]
[BlackID "11400153"]
[Black "Sikivou Taione"]
[Result "1/2-1/2"]
[BlackElo "1812"]
[WhiteElo "2051"]
[LiveChessVersion "1.4.8"]

1. e4 {[%clk 1:30:55]} c6 {[%clk 1:30:51]} 2. Nc3 {[%clk 1:31:20]} d5
{[%clk 1:30:55]} 3. Nf3 {[%clk 1:31:46]} Bg4 {[%clk 1:30:40]} 4. h3
{[%clk 1:32:02]} Bxf3 {[%clk 1:30:33]} 5. gxf3 {[%clk 1:30:09]} e6
{[%clk 1:30:32]} 6. d4 {[%clk 1:30:05]} Nf6 {[%clk 1:20:41]} 7. Be3
{[%clk 1:29:50]} Bb4 {[%clk 1:19:06]} 8. Bd3 {[%clk 1:27:25]} Nbd7
{[%clk 1:12:46]} 9. Qd2 {[%clk 1:11:36]} a6 {[%clk 0:58:35]} 10. a3
{[%clk 1:11:42]} Qa5 {[%clk 0:54:22]} 11. O-O {[%clk 0:59:50]} Be7
{[%clk 0:53:52]} 12. Nxd5 {[%clk 0:59:15]} Qxd2 {[%clk 0:52:55]} 13. Nxf6+
{[%clk 0:59:39]} Bxf6 {[%clk 0:52:48]} 14. Bxd2 {[%clk 0:58:31]} Bxd4
{[%clk 0:51:06]} 15. c3 {[%clk 0:58:22]} Bc5 {[%clk 0:45:47]} 16. b4
{[%clk 0:52:00]} Bb6 {[%clk 0:39:23]} 17. Rfd1 {[%clk 0:46:00]} Rd8
{[%clk 0:36:13]} 18. f4 {[%clk 0:35:47]} O-O {[%clk 0:30:53]} 19. Bc2
{[%clk 0:29:42]} Nf6 {[%clk 0:24:40]} 20. Kg2 {[%clk 0:24:52]} Rd7
{[%clk 0:21:12]} 21. Kf3 {[%clk 0:18:29]} Rfd8 {[%clk 0:20:29]} 22. Be1
{[%clk 0:18:43]} Rxd1 {[%clk 0:20:07]} 23. Rxd1 {[%clk 0:19:10]} Rxd1
{[%clk 0:20:06]} 24. Bxd1 {[%clk 0:19:38]} Kf8 {[%clk 0:19:34]} 25. c4
{[%clk 0:12:05]} Nd7 {[%clk 0:19:08]} 26. Bc3 {[%clk 0:10:40]} f5
{[%clk 0:18:00]} 27. exf5 exf5 28. Bc2 {[%clk 0:01:57]} g6 {[%clk 0:17:52]} 29.
a4 {[%clk 0:01:53]} Bd8 {[%clk 0:16:11]} 30. Bd4 {[%clk 0:01:07]} Be7
{[%clk 0:14:27]} 31. Bc3 {[%clk 0:01:20]} 1/2-1/2

[Event "WCO 2016"]
[Site "?"]
[Date "2016.09.13"]
[Round "11"]
[Board "8"]
[WhiteID "11400188"]
[White "Arvind Goru"]
[BlackID "3100650"]
[Black "Torres Santiago Jonathan"]
[Result "0-1"]
[BlackElo "2126"]
[WhiteElo "1717"]
[LiveChessVersion "1.4.8"]

1. f4 {[%clk 1:30:44]} e5 {[%clk 1:25:58]} 2. fxe5 d6 3. Nf3 {[%clk 1:26:04]}
dxe5 {[%clk 1:23:34]} 4. e4 {[%clk 1:23:57]} Bc5 {[%clk 1:22:13]} 5. Bb5+
{[%clk 1:23:32]} c6 {[%clk 1:22:36]} 6. Be2 {[%clk 1:22:36]} Nf6 {[%clk 1:23:03]}
7. d3 {[%clk 1:21:23]} Ng4 {[%clk 1:23:25]} 8. d4 {[%clk 1:05:22]} exd4
{[%clk 1:23:29]} 9. Qd3 {[%clk 1:05:13]} Nd7 {[%clk 1:23:22]} 10. O-O
{[%clk 1:04:57]} Nde5 {[%clk 1:23:30]} 11. Nxe5 {[%clk 0:57:57]} Nxe5
{[%clk 1:23:56]} 12. Qg3 {[%clk 0:56:43]} d3+ {[%clk 1:21:52]} 13. Kh1
{[%clk 0:56:26]} dxe2 {[%clk 1:22:08]} 14. Qxe5+ {[%clk 0:54:23]} Qe7
{[%clk 1:19:00]} 15. Qxe7+ {[%clk 0:54:24]} Kxe7 {[%clk 1:19:27]} 16. Re1
{[%clk 0:53:59]} Bg4 {[%clk 1:19:35]} 17. Bg5+ {[%clk 0:53:24]} f6
{[%clk 1:19:54]} 18. Bh4 {[%clk 0:53:33]} h5 {[%clk 1:20:10]} 19. e5
{[%clk 0:49:59]} g5 {[%clk 1:20:22]} 20. exf6+ {[%clk 0:47:30]} Kxf6
{[%clk 1:20:41]} 21. Nc3 {[%clk 0:47:23]} Rhe8 {[%clk 1:20:52]} 22. h3 gxh4 23.
hxg4 hxg4 24. Rxe2 {[%clk 0:43:00]} Rxe2 {[%clk 1:21:14]} 25. Nxe2
{[%clk 0:43:20]} Re8 {[%clk 1:21:27]} 26. Nc3 {[%clk 0:43:19]} Bd4
{[%clk 1:20:58]} 27. Rf1+ {[%clk 0:42:22]} Kg5 {[%clk 1:21:18]} 28. Nd1
{[%clk 0:41:29]} Re2 {[%clk 1:21:43]} 29. c3 {[%clk 0:41:15]} Bb6
{[%clk 1:22:11]} 30. a4 {[%clk 0:39:08]} g3 {[%clk 1:22:34]} 31. b4
{[%clk 0:32:02]} h3 {[%clk 1:22:53]} 0-1

[Event "WCO 2016"]
[Site "?"]
[Date "2016.09.13"]
[Round "11"]
[Board "5"]
[WhiteID "8800871"]
[White "Gontcharov Serguei"]
[BlackID "15900428"]
[Black "Seijp V/d Quintin"]
[Result "0-1"]
[BlackElo "1924"]
[WhiteElo "1793"]
[LiveChessVersion "1.4.8"]

1. e4 {[%clk 1:30:55]} e6 {[%clk 1:30:41]} 2. d4 {[%clk 1:31:19]} d5
{[%clk 1:31:05]} 3. e5 {[%clk 1:31:44]} c5 {[%clk 1:31:31]} 4. c3
{[%clk 1:32:11]} Qb6 {[%clk 1:31:56]} 5. Nf3 {[%clk 1:32:35]} Nc6
{[%clk 1:32:22]} 6. Bd3 {[%clk 1:32:44]} Bd7 {[%clk 1:32:28]} 7. O-O
{[%clk 1:30:00]} cxd4 {[%clk 1:26:43]} 8. cxd4 {[%clk 1:30:25]} Nh6
{[%clk 1:25:13]} 9. Nbd2 {[%clk 1:12:25]} Nb4 {[%clk 1:14:09]} 10. Be2
{[%clk 1:00:33]} Rc8 {[%clk 1:11:56]} 11. Nb3 {[%clk 1:00:40]} Ba4
{[%clk 1:02:02]} 12. Bxh6 {[%clk 0:58:33]} gxh6 {[%clk 0:58:16]} 13. Rc1
{[%clk 0:58:49]} Rc6 {[%clk 0:46:24]} 14. Rxc6 {[%clk 0:47:43]} bxc6
{[%clk 0:44:35]} 15. a3 {[%clk 0:41:21]} Na2 {[%clk 0:38:33]} 16. Nfd2
{[%clk 0:39:44]} Bxa3 {[%clk 0:35:19]} 17. Bh5 {[%clk 0:33:08]} Be7
{[%clk 0:23:07]} 18. Qf3 {[%clk 0:32:07]} O-O {[%clk 0:21:50]} 19. Nc5
{[%clk 0:18:18]} Bxc5 {[%clk 0:12:14]} 20. dxc5 {[%clk 0:17:54]} Qb4
{[%clk 0:11:29]} 21. Qe3 {[%clk 0:12:21]} Qxb2 {[%clk 0:05:03]} 22. Qxh6
{[%clk 0:09:09]} Qxe5 {[%clk 0:04:57]} 23. Nf3 {[%clk 0:09:27]} Qg7
{[%clk 0:05:12]} 24. Qd2 {[%clk 0:09:29]} Nc3 {[%clk 0:04:20]} 25. Ng5
{[%clk 0:03:32]} Ne4 {[%clk 0:01:07]} 26. Nxe4 {[%clk 0:03:41]} dxe4
{[%clk 0:01:36]} 27. Qa5 {[%clk 0:02:04]} Bb5 {[%clk 0:01:30]} 28. Re1
{[%clk 0:02:03]} f5 {[%clk 0:01:34]} 29. Be2 {[%clk 0:01:30]} a6 {[%clk 0:00:42]}
30. Bxb5 {[%clk 0:01:02]} axb5 {[%clk 0:01:11]} 31. h3 {[%clk 0:00:54]} Qd7
{[%clk 0:00:39]} 32. Re3 {[%clk 0:00:49]} Kh8 {[%clk 0:00:40]} 33. Qc3+
{[%clk 0:01:11]} Qg7 {[%clk 0:01:09]} 34. Qa3 {[%clk 0:00:33]} Rd8
{[%clk 0:00:40]} 35. Rg3 {[%clk 0:00:43]} Qd7 {[%clk 0:00:41]} 36. Qc3+
{[%clk 0:01:04]} Qd4 {[%clk 0:01:10]} 37. Qa3 {[%clk 0:01:04]} e5
{[%clk 0:00:55]} 38. Qa7 {[%clk 0:00:50]} Qd7 {[%clk 0:01:24]} 39. Qa1
{[%clk 0:00:59]} Qd1+ {[%clk 0:01:40]} 40. Qxd1 {[%clk 0:31:23]} Rxd1+
{[%clk 0:32:10]} 41. Kh2 {[%clk 0:31:35]} 0-1

[Event "WCO 2016"]
[Site "?"]
[Date "2016.09.13"]
[Round "11"]
[Board "6"]
[WhiteID "1007220"]
[White "Croes Octavio"]
[BlackID "8800170"]
[Black "Lill Sami"]
[Result "1/2-1/2"]
[BlackElo "1870"]
[WhiteElo "1861"]
[LiveChessVersion "1.4.8"]

1. d4 {[%clk 1:30:56]} Nf6 {[%clk 1:30:44]} 2. c4 {[%clk 1:31:21]} c6
{[%clk 1:30:58]} 3. Nf3 {[%clk 1:31:34]} d6 {[%clk 1:30:49]} 4. Nc3
{[%clk 1:31:35]} Qc7 {[%clk 1:30:49]} 5. Bf4 {[%clk 1:30:03]} g6 {[%clk 1:30:06]}
6. g3 {[%clk 1:28:20]} Bg7 {[%clk 1:29:57]} 7. Bg2 {[%clk 1:28:34]} O-O
{[%clk 1:29:27]} 8. O-O {[%clk 1:28:56]} Nh5 {[%clk 1:26:10]} 9. e4
{[%clk 1:22:14]} Nxf4 {[%clk 1:24:23]} 10. gxf4 {[%clk 1:22:39]} Bg4
{[%clk 1:24:15]} 11. Qd3 {[%clk 1:17:08]} Nd7 {[%clk 1:23:40]} 12. Rfe1
{[%clk 1:07:11]} e6 {[%clk 1:08:14]} 13. Rad1 {[%clk 0:58:21]} Bh6
{[%clk 1:07:47]} 14. h3 {[%clk 0:57:40]} Bh5 {[%clk 1:01:52]} 15. f5
{[%clk 0:52:26]} Rad8 {[%clk 0:59:01]} 16. Ne2 {[%clk 0:52:07]} exf5
{[%clk 0:56:12]} 17. exf5 {[%clk 0:52:25]} gxf5 {[%clk 0:56:03]} 18. Ng3
{[%clk 0:50:38]} Bg6 {[%clk 0:53:08]} 19. Nxf5 {[%clk 0:50:54]} Bf4
{[%clk 0:51:40]} 20. Re7 {[%clk 0:45:42]} Qa5 {[%clk 0:50:08]} 21. d5
{[%clk 0:35:36]} Qb6 {[%clk 0:32:29]} 22. Qd4 {[%clk 0:30:09]} Qxd4
{[%clk 0:30:01]} 23. N5xd4 {[%clk 0:30:29]} c5 {[%clk 0:27:09]} 24. Nb5
{[%clk 0:29:53]} a6 {[%clk 0:25:26]} 25. Nc3 {[%clk 0:30:12]} Rfe8
{[%clk 0:24:35]} 26. Rde1 {[%clk 0:30:10]} Kf8 {[%clk 0:24:43]} 27. Rxe8+
{[%clk 0:30:16]} Rxe8 {[%clk 0:24:46]} 28. Rxe8+ {[%clk 0:30:08]} Kxe8
{[%clk 0:25:13]} 29. b3 {[%clk 0:26:08]} Ne5 {[%clk 0:22:17]} 30. Nh4
{[%clk 0:24:49]} Bh5 {[%clk 0:16:34]} 31. Be4 {[%clk 0:21:33]} Ng6
{[%clk 0:13:05]} 32. Nf5 {[%clk 0:19:56]} Be5 {[%clk 0:12:22]} 33. Ng3
{[%clk 0:17:55]} Bxc3 {[%clk 0:09:02]} 34. Nxh5 {[%clk 0:18:18]} b5
{[%clk 0:07:32]} 35. Bxg6 {[%clk 0:17:16]} hxg6 {[%clk 0:07:10]} 36. Ng3
{[%clk 0:16:56]} Ke7 {[%clk 0:05:53]} 37. Ne4 {[%clk 0:16:34]} Be5
{[%clk 0:04:29]} 38. Kg2 {[%clk 0:16:23]} f5 {[%clk 0:03:44]} 39. Ng5
{[%clk 0:16:43]} Kf6 {[%clk 0:03:57]} 40. Ne6 {[%clk 0:47:06]} bxc4
{[%clk 0:33:37]} 41. bxc4 {[%clk 0:47:18]} g5 {[%clk 0:31:55]} 42. Kf3
{[%clk 0:43:55]} Kg6 {[%clk 0:27:52]} 43. Ke3 {[%clk 0:40:58]} Kh5
{[%clk 0:25:04]} 44. f4 {[%clk 0:40:50]} gxf4+ {[%clk 0:17:56]} 45. Nxf4+
{[%clk 0:41:08]} Kg5 {[%clk 0:17:52]} 46. Nd3 {[%clk 0:38:24]} Bg3
{[%clk 0:16:04]} 47. Kf3 {[%clk 0:38:31]} Bh2 {[%clk 0:13:29]} 48. Kg2
{[%clk 0:35:14]} Bf4 {[%clk 0:12:43]} 49. Ne1 {[%clk 0:30:15]} Kf6
{[%clk 0:10:53]} 50. Nf3 {[%clk 0:30:38]} Be3 {[%clk 0:11:00]} 51. Kg3
{[%clk 0:30:31]} Bh6 {[%clk 0:10:15]} 52. a4 {[%clk 0:25:39]} Be3
{[%clk 0:09:55]} 53. Kg2 {[%clk 0:18:03]} Bf4 {[%clk 0:09:10]} 54. Kf2
{[%clk 0:18:20]} Kg6 {[%clk 0:07:40]} 55. Nh4+ {[%clk 0:17:12]} Kf6
{[%clk 0:07:26]} 56. Kf3 {[%clk 0:17:28]} Bg5 {[%clk 0:07:07]} 57. Ng2
{[%clk 0:17:04]} Ke5 {[%clk 0:06:42]} 58. h4 {[%clk 0:16:32]} 1/2-1/2

[Event "WCO 2016"]
[Site "?"]
[Date "2016.09.13"]
[Round "11"]
[Board "7"]
[WhiteID "8800820"]
[White "Dacres Don"]
[BlackID "15900037"]
[Black "Pesqueira Jose"]
[Result "0-1"]
[BlackElo "1889"]
[WhiteElo "1713"]
[LiveChessVersion "1.4.8"]

1. Nf3 {[%clk 1:30:58]} Nf6 {[%clk 1:30:50]} 2. d4 {[%clk 1:31:15]} e6
{[%clk 1:31:09]} 3. c4 {[%clk 1:30:54]} b6 {[%clk 1:31:13]} 4. e3
{[%clk 1:29:10]} d5 {[%clk 1:30:30]} 5. Be2 {[%clk 1:29:03]} Bb7 {[%clk 1:29:26]}
6. O-O {[%clk 1:29:09]} Bd6 {[%clk 1:27:06]} 7. Nc3 {[%clk 1:28:06]} a6
{[%clk 1:18:22]} 8. a3 {[%clk 1:28:03]} Nbd7 {[%clk 1:16:17]} 9. b4
{[%clk 1:27:53]} dxc4 {[%clk 1:16:09]} 10. Bxc4 {[%clk 1:27:57]} O-O
{[%clk 1:16:00]} 11. Bd3 {[%clk 1:27:17]} Re8 {[%clk 1:13:37]} 12. e4
{[%clk 1:26:59]} e5 {[%clk 1:12:57]} 13. Bg5 {[%clk 1:26:22]} h6 {[%clk 1:10:36]}
14. Be3 {[%clk 1:19:39]} exd4 {[%clk 1:07:36]} 15. Bxd4 {[%clk 1:13:59]} Nxe4
{[%clk 0:51:32]} 16. Qc2 {[%clk 1:14:05]} Nxc3 {[%clk 0:48:31]} 17. Bh7+
{[%clk 0:51:29]} Kh8 {[%clk 0:47:50]} 18. Bxc3 {[%clk 0:48:04]} Bxf3
{[%clk 0:44:48]} 19. Qf5 {[%clk 0:48:06]} Qg5 {[%clk 0:28:22]} 20. Qxg5
{[%clk 0:48:11]} hxg5 {[%clk 0:28:41]} 21. Bf5 {[%clk 0:48:39]} Bc6
{[%clk 0:25:12]} 22. Rac1 {[%clk 0:48:24]} Bb5 {[%clk 0:25:04]} 23. Rfd1
{[%clk 0:43:27]} Nf6 {[%clk 0:23:52]} 24. g3 {[%clk 0:43:17]} a5 {[%clk 0:14:18]}
25. h3 {[%clk 0:40:03]} axb4 {[%clk 0:12:31]} 26. axb4 {[%clk 0:32:01]} Re7
{[%clk 0:12:59]} 27. Rd2 {[%clk 0:29:32]} Ne4 {[%clk 0:12:06]} 28. Bxe4
{[%clk 0:28:02]} Rxe4 {[%clk 0:12:35]} 29. Rd5 {[%clk 0:28:07]} Be8
{[%clk 0:06:56]} 30. Rxg5 {[%clk 0:18:28]} f6 {[%clk 0:07:23]} 31. Rg4
{[%clk 0:18:08]} Rxg4 {[%clk 0:07:50]} 32. hxg4 {[%clk 0:18:21]} Bd7
{[%clk 0:05:26]} 33. g5 {[%clk 0:17:15]} fxg5 {[%clk 0:05:54]} 34. Bd2
{[%clk 0:17:14]} g4 {[%clk 0:03:22]} 35. Bc3 {[%clk 0:14:38]} Ra3
{[%clk 0:02:41]} 36. Kf1 {[%clk 0:13:44]} Bb5+ {[%clk 0:02:52]} 37. Ke1
{[%clk 0:13:48]} Ra2 {[%clk 0:02:34]} 38. Bd2 {[%clk 0:09:51]} Kg8
{[%clk 0:02:48]} 39. Kd1 {[%clk 0:09:21]} Kf7 {[%clk 0:02:53]} 40. Rb1
{[%clk 0:38:31]} Bd3 {[%clk 0:32:21]} 41. Rc1 {[%clk 0:38:07]} Bb5
{[%clk 0:32:10]} 42. Rb1 {[%clk 0:36:49]} Be5 {[%clk 0:29:49]} 43. Rc1
{[%clk 0:35:34]} Ra1 {[%clk 0:29:25]} 44. Rxa1 {[%clk 0:35:35]} Bxa1
{[%clk 0:29:53]} 45. Kc2 {[%clk 0:35:53]} Bd4 {[%clk 0:29:12]} 46. Bf4
{[%clk 0:35:52]} c5 {[%clk 0:28:34]} 47. bxc5 {[%clk 0:34:38]} bxc5
{[%clk 0:28:45]} 48. Kd2 {[%clk 0:34:52]} Bxf2 {[%clk 0:28:38]} 49. Kc3
{[%clk 0:33:51]} Ke6 {[%clk 0:28:35]} 50. Kd2 {[%clk 0:33:24]} Kd5
{[%clk 0:28:55]} 51. Kd1 {[%clk 0:33:23]} Ke4 {[%clk 0:28:40]} 52. Kd2
{[%clk 0:33:16]} g6 {[%clk 0:28:38]} 53. Kd1 {[%clk 0:33:02]} Kf3
{[%clk 0:27:20]} 54. Bd6 {[%clk 0:33:11]} c4 {[%clk 0:27:13]} 55. Kd2
{[%clk 0:33:20]} Bxg3 {[%clk 0:27:38]} 56. Bc5 {[%clk 0:33:23]} Bf2
{[%clk 0:27:10]} 0-1

[Event "WCO 2016"]
[Site "?"]
[Date "2016.09.13"]
[Round "11"]
[Board "8"]
[WhiteID "15900495"]
[White "Benschop Jomar"]
[BlackID "8800898"]
[Black "Woodley Adrian"]
[Result "1-0"]
[BlackElo "1322"]
[WhiteElo "1670"]
[LiveChessVersion "1.4.8"]

1. e4 {[%clk 1:30:54]} c5 {[%clk 1:30:47]} 2. Nf3 {[%clk 1:31:17]} g6
{[%clk 1:31:07]} 3. d4 {[%clk 1:31:40]} cxd4 {[%clk 1:31:30]} 4. Nxd4
{[%clk 1:32:02]} Nc6 {[%clk 1:31:46]} 5. Nc3 {[%clk 1:31:13]} Bg7
{[%clk 1:32:02]} 6. Be3 {[%clk 1:31:35]} Nf6 {[%clk 1:32:10]} 7. Be2
{[%clk 1:31:17]} O-O {[%clk 1:27:59]} 8. Qd2 {[%clk 1:31:39]} d5 {[%clk 1:27:48]}
9. exd5 {[%clk 1:10:17]} Nxd5 {[%clk 1:25:20]} 10. Nxd5 {[%clk 1:10:34]} Qxd5
{[%clk 1:25:36]} 11. Bf3 {[%clk 1:10:58]} Qe5 {[%clk 1:22:19]} 12. Nxc6
{[%clk 1:10:56]} bxc6 {[%clk 1:21:28]} 13. c3 {[%clk 1:11:13]} Ba6
{[%clk 1:20:01]} 14. Be2 {[%clk 1:04:24]} Rfd8 {[%clk 1:18:31]} 15. Qc2
{[%clk 1:04:30]} Qa5 {[%clk 1:12:09]} 16. O-O {[%clk 1:04:20]} Rab8
{[%clk 1:12:01]} 17. a3 {[%clk 0:57:22]} Bxe2 {[%clk 1:11:30]} 18. Qxe2
{[%clk 0:57:38]} Rb3 {[%clk 1:11:29]} 19. Rad1 {[%clk 0:46:16]} Rdb8
{[%clk 1:01:46]} 20. Bc1 {[%clk 0:46:35]} Qc7 {[%clk 1:01:12]} 21. Rfe1
{[%clk 0:44:05]} e6 {[%clk 1:01:36]} 22. Rd3 {[%clk 0:43:23]} Rd8
{[%clk 0:59:40]} 23. Red1 {[%clk 0:43:25]} Rbb8 {[%clk 0:58:21]} 24. g3
{[%clk 0:41:09]} Rxd3 {[%clk 0:55:46]} 25. Rxd3 {[%clk 0:40:45]} Qe7
{[%clk 0:53:19]} 26. Qd1 {[%clk 0:40:32]} Qe8 {[%clk 0:51:28]} 27. Rd7
{[%clk 0:28:29]} a5 {[%clk 0:50:57]} 28. Ra7 {[%clk 0:27:25]} Qd8
{[%clk 0:50:51]} 29. Qf3 {[%clk 0:26:42]} Qb6 {[%clk 0:50:49]} 30. Qxf7+
{[%clk 0:25:57]} 1-0

[Event "WCO 2016"]
[Site "?"]
[Date "2016.09.13"]
[Round "11"]
[Board "9"]
[WhiteID "21100039"]
[White "Bah Ebrima"]
[BlackID "31000509"]
[Black "Mafnas Peter"]
[Result "1/2-1/2"]
[BlackElo "2095"]
[WhiteElo "2054"]
[LiveChessVersion "1.4.8"]

1. e4 {[%clk 1:30:51]} c6 {[%clk 1:30:33]} 2. d4 {[%clk 1:31:01]} d5
{[%clk 1:31:01]} 3. e5 {[%clk 1:31:21]} Bf5 {[%clk 1:31:26]} 4. f4
{[%clk 1:30:30]} e6 {[%clk 1:31:28]} 5. Nf3 {[%clk 1:30:36]} c5 {[%clk 1:31:38]}
6. c3 {[%clk 1:29:22]} Nc6 {[%clk 1:32:00]} 7. Be3 {[%clk 1:28:17]} Qb6
{[%clk 1:28:27]} 8. Qd2 {[%clk 1:24:16]} Nh6 {[%clk 1:25:35]} 9. Be2
{[%clk 1:20:48]} Be7 {[%clk 1:24:51]} 10. dxc5 Bxc5 11. Bxc5 Qxc5 12. Nd4
{[%clk 1:17:23]} Be4 {[%clk 1:18:10]} 13. O-O {[%clk 1:15:21]} Nf5
{[%clk 1:17:39]} 14. Rd1 {[%clk 1:15:11]} Rc8 {[%clk 1:17:12]} 15. Na3
{[%clk 1:14:53]} Nfxd4 {[%clk 1:11:33]} 16. cxd4 {[%clk 1:15:08]} Qb4
{[%clk 1:11:45]} 17. Nb5 {[%clk 1:13:01]} O-O 18. Nd6 Rc7 {[%clk 1:08:54]} 19. a3
{[%clk 1:11:18]} Qxd2 {[%clk 1:08:50]} 20. Rxd2 Na5 21. Bd1 {[%clk 1:05:07]} f5
{[%clk 0:51:52]} 22. Nb5 {[%clk 1:02:09]} Rc6 {[%clk 0:47:47]} 23. Nxa7
{[%clk 1:00:58]} Rb6 {[%clk 0:48:03]} 24. Rc1 {[%clk 0:59:09]} Nc4
{[%clk 0:45:35]} 25. Rf2 {[%clk 0:57:29]} Rxb2 {[%clk 0:33:01]} 26. Rxb2
{[%clk 0:56:37]} Nxb2 {[%clk 0:33:23]} 27. Be2 {[%clk 0:56:29]} Bd3
{[%clk 0:31:54]} 28. Kf2 {[%clk 0:55:35]} Bxe2 {[%clk 0:28:49]} 29. Kxe2 Nc4 30.
Rb1 {[%clk 0:54:21]} Nxa3 {[%clk 0:28:55]} 1/2-1/2